00677nam a2200157 a 450000100100000000500170001000800410002704000250006808200150009324501580010826000630026630000220032970000380035195201130038999900170050200003429120200930073624.0110930s1948 dr r 000 0 spa d aDO-SdBNPbspacBNPHU axxxxbT76300aTradiciones líricas de Quisqueya y Borinquen unidas por el romanticismo del pasado :bcanciones antigua /crecopilación de José A. Saldaña Suazo. aCiudad Trujillo, República Dominicana :b[s. n.],c1948. a[30 p.] ;c22 cm.1 aSaldaña Suazo, José A.926628 001050718RVaPDbPDcHDd2011-09-30iLF1l0oxxxx T763p34291-10r2020-06-25w2020-06-25y1ZNo se presta c33782d33782